000 01460cam a2200241 i 4500
999 _c58081
_d58081
001 17768855
005 20210609132920.0
008 130607s2014 nyua b 001 0 eng
020 _a9781462526161
041 _aeng
080 _a372.6 H-22
245 0 0 _aHandbook of evidence-based practices for emotional and behavioral disorders :
_bapplications in schools /
_cEdited by Hill M. Walker, Frank M. Gresham.
264 1 _aNew York :
_bThe Guilford Press,
_c2014.
300 _a622 pages :
_billustrations ;
_c26 cm.
653 _aემოციური და ქცევითი დარღვევების მტკიცებულებებზე დაფუძნებული პრაქტიკის სახელმძღვანელო
653 _aСправочник научно-обоснованных практик при эмоциональных и поведенческих расстройствах
653 _aПСИХОЛОГИЯ / Психопатология / Расстройства аутистического спектра.
653 _aფსიქოლოგია / ფსიქოპათოლოგია / აუტიზმის სპექტრის დარღვევები
653 _aქცევის დარღვევები ბავშვებში
700 1 _aWalker, Hill M..
_912002
700 1 _aGresham, Frank M..
_912003
942 _2udc
_cBK